[Event "San Sebastian 2011/2012"]
[Site "San Sebastian ESP"]
[Date "2012.01.04"]
[Round "6"]
[White "Volokitin, And"]
[Black "Dominguez Perez, L."]
[Result "1-0"]
[WhiteElo "2695"]
[BlackElo "2712"]
[PlyCount "125"]
[EventDate "2011.12.28"]

1. e4 c5 2. Nf3 d6 3. d4 cxd4 4. Nxd4 Nf6 5. Nc3 a6 6. Be3 Ng4 7. Bg5 h6 8. Bh4
g5 9. Bg3 Bg7 10. h3 Ne5 11. Qd2 Nbc6 12. O-O-O Nxd4 13. Qxd4 Be6 14. f4 gxf4
15. Bxf4 Qa5 16. Kb1 O-O 17. Nd5 Bxd5 18. Qxd5 Qb6 19. Qb3 Qc6 20. Qe3 Rac8 21.
c3 Kh7 22. Bd3 b5 23. g4 Nxd3 24. Qxd3 Qc4 25. Rhe1 Qxd3+ 26. Rxd3 Rc5 27. Rd5
Rfc8 28. a3 Bf6 29. Be3 Rxd5 30. exd5 Rc4 31. Bb6 Kg7 32. Kc2 h5 33. Rg1 h4 34.
Rf1 Re4 35. Kd3 Re5 36. Bd4 Rxd5 37. Ke4 Rg5 38. Bxf6+ exf6 39. Rf5 Rg6 40. Kd5
Rh6 41. Kxd6 Rh8 42. Kd7 Rb8 43. Rh5 Rb6 44. Rxh4 Re6 45. Kc7 Re2 46. b4 Ra2
47. Kb6 Rxa3 48. Rh5 Kg6 49. Rc5 f5 50. gxf5+ Kg5 51. h4+ Kxh4 52. f6 Kg4 53.
Rc7 Kf5 54. Rxf7 Ke6 55. Ra7 Kxf6 56. Rxa6 Rxc3 57. Kxb5+ Ke7 58. Rc6 Rb3 59.
Ka5 Kd7 60. b5 Ra3+ 61. Kb6 Rb3 62. Ka6 Rb1 63. Rc2 1-0

[Event "54 Reggio Emilia"]
[Site "Reggio Emilia, Italy"]
[Date "2012.01.06"]
[Round "10"]
[White "Giri, Anish"]
[Black "Caruana, Fabiano"]
[Result "1/2-1/2"]
[WhiteElo "2714"]
[BlackElo "2727"]
[PlyCount "55"]
[EventDate "2012.??.??"]

1. c4 e5 2. g3 Nc6 3. Bg2 Bc5 4. Nc3 d6 5. e3 Nge7 6. Nge2 O-O 7. O-O a6 8. h3
Ba7 9. Kh2 Be6 10. Nd5 Bd7 11. b3 Nxd5 12. cxd5 Ne7 13. d4 Nf5 14. Bb2 Re8 15.
Rc1 Rc8 16. a4 a5 17. Qd2 Bb6 18. Rc2 Qg5 19. Qd3 Qg6 20. Rd1 Rcd8 21. e4 Nxd4
22. Nxd4 exd4 23. Bxd4 Bxd4 24. Qxd4 c5 25. dxc6 Bxc6 26. Rc4 Qh5 27. Qd2 h6
28. Rd4 1/2-1/2

[Event "54 Reggio Emilia"]
[Site "Reggio Emilia, Italy"]
[Date "2012.01.06"]
[Round "10"]
[White "Vitiugov, Nikita"]
[Black "Morozevich, Alexander"]
[Result "1-0"]
[WhiteElo "2729"]
[BlackElo "2762"]
[PlyCount "133"]
[EventDate "2012.??.??"]

1. c4 Nf6 2. Nc3 d5 3. cxd5 Nxd5 4. g3 Nxc3 5. bxc3 g6 6. Bg2 Bg7 7. Rb1 Nc6 8.
h4 h6 9. Nf3 O-O 10. O-O e5 11. d3 Kh7 12. Nd2 f5 13. Ba3 Rf6 14. Qc2 Qe8 15.
e3 b6 16. d4 Ba6 17. Rfe1 e4 18. c4 Rc8 19. Qa4 Nb8 20. Qxe8 Rxe8 21. Rec1 Nd7
22. Nb3 Rf7 23. Bb4 c5 24. Bd2 g5 25. hxg5 hxg5 26. a4 cxd4 27. exd4 f4 28. a5
f3 29. Bf1 Kg6 30. axb6 Bf6 31. Re1 Rh8 32. Rxe4 Rfh7 33. Rh4 gxh4 34. Bd3+ Kg7
35. Bxh7 Kxh7 36. Ra1 Bxc4 37. Rxa7 Bxb3 38. Rxd7+ Kg6 39. Bf4 hxg3 40. Bxg3
Ba4 41. Rd6 Rg8 42. b7 Kf5 43. Ra6 Bxd4 44. b8=Q Rxb8 45. Bxb8 Bc2 46. Kh2 Bd3
47. Ra4 Be5+ 48. Bxe5 Kxe5 49. Kg3 Be2 50. Kg4 Kf6 51. Kf4 Bd1 52. Ra6+ Kf7 53.
Ke5 Be2 54. Rf6+ Kg7 55. Kf5 Bd3+ 56. Kg5 Be2 57. Rf4 Kg8 58. Kh6 Bd1 59. Rd4
Be2 60. Rd7 Kf8 61. Kg5 Ke8 62. Ra7 Kf8 63. Kf4 Kg8 64. Ra3 Kf7 65. Rxf3 Bxf3
66. Kxf3 Kf6 67. Ke4 1-0

[Event "Tata Steel 2012"]
[Site "Wijk aan Zee NED"]
[Date "2012.01.14"]
[Round "1"]
[White "Navara, D."]
[Black "Topalov, V."]
[Result "1/2-1/2"]
[WhiteElo "2712"]
[BlackElo "2770"]
[PlyCount "62"]
[EventDate "2012.01.14"]

1. c4 e5 2. g3 Nf6 3. Bg2 d5 4. cxd5 Nxd5 5. Nc3 Nb6 6. Nf3 Nc6 7. O-O Be7 8.
a3 O-O 9. b4 Be6 10. Rb1 f6 11. d3 Nd4 12. Nxd4 exd4 13. Ne4 Bd5 14. Bb2 f5 15.
Nd2 Bxg2 16. Kxg2 Kh8 17. Nf3 Bf6 18. Qc2 Qd7 19. Rfc1 c6 20. a4 f4 21. b5 cxb5
22. axb5 Nd5 23. Nxd4 Rae8 24. Nf3 Bxb2 25. Qxb2 Qe6 26. Qd4 fxg3 27. hxg3 Qxe2
28. Qxd5 Re3 29. Re1 Qxf3+ 30. Qxf3 Rexf3 31. Rb2 Rxd3 1/2-1/2

[Event "Tata Steel 2012"]
[Site "Wijk aan Zee NED"]
[Date "2012.01.14"]
[Round "1"]
[White "Gelfand, B."]
[Black "Giri, A."]
[Result "0-1"]
[WhiteElo "2739"]
[BlackElo "2714"]
[PlyCount "140"]
[EventDate "2012.01.14"]

1. Nf3 d5 2. d4 Nf6 3. c4 c6 4. Qb3 dxc4 5. Qxc4 Bg4 6. Nc3 Nbd7 7. Bf4 Nb6 8.
Qd3 Bxf3 9. gxf3 Nfd5 10. Be5 f6 11. Bg3 Nb4 12. Qb1 Qxd4 13. Bh3 e5 14. O-O
Be7 15. Rd1 Qc4 16. e3 Qf7 17. f4 exf4 18. Bxf4 O-O 19. a3 N4d5 20. Nxd5 Nxd5
21. Bg3 f5 22. e4 fxe4 23. Qxe4 Nf6 24. Qe5 Kh8 25. Re1 Bd8 26. Be6 Qg6 27. Qf5
Qxf5 28. Bxf5 Nd5 29. Be4 Bf6 30. Re2 Nb6 31. Rc1 Rfe8 32. f3 a5 33. b4 axb4
34. axb4 Nd5 35. Be1 Nf4 36. Rec2 Nh3+ 37. Kg2 Ng5 38. Re2 Nxe4 39. fxe4 Rad8
40. b5 cxb5 41. Rb1 Rd5 42. Bg3 Rc5 43. Bd6 Rg5+ 44. Kf3 Re6 45. Bf4 Rc5 46. e5
g5 47. exf6 Rxf6 48. Re7 Rxf4+ 49. Kg2 Rg4+ 50. Kf3 Rh4 51. Rd1 Rc8 52. Kg3 b6
53. Rb7 Rb4 54. Rxb6 Rc7 55. h4 gxh4+ 56. Kh3 Kg7 57. Rd3 Kf7 58. Re3 Kg7 59.
Rf3 Rf7 60. Rd3 Rf6 61. Rb8 Rc6 62. Rf3 Kh6 63. Rb7 Kg6 64. Rb8 Rc5 65. Rg8+
Kh5 66. Rg7 h6 67. Rg1 Rd4 68. Kh2 b4 69. Rg8 Rc2+ 70. Kh3 Rc3 0-1

[Event "Tata Steel 2012"]
[Site "Wijk aan Zee NED"]
[Date "2012.01.14"]
[Round "1"]
[White "Radjabov, T."]
[Black "Caruana, F."]
[Result "1/2-1/2"]
[WhiteElo "2773"]
[BlackElo "2736"]
[PlyCount "53"]
[EventDate "2012.01.14"]

1. d4 Nf6 2. c4 g6 3. Nc3 d5 4. cxd5 Nxd5 5. e4 Nxc3 6. bxc3 Bg7 7. Be3 c5 8.
Rc1 Qa5 9. Qd2 cxd4 10. cxd4 Qxd2+ 11. Bxd2 O-O 12. Nf3 e6 13. h4 Nc6 14. e5
Rd8 15. Bg5 Re8 16. Be3 h6 17. Bd3 Bd7 18. Rb1 Rab8 19. Nd2 Ne7 20. Ne4 Bc6 21.
g4 Red8 22. Ke2 Nd5 23. Rhc1 Bf8 24. Bd2 Nb6 25. Be3 Nd5 26. Bd2 Nb6 27. Be3
1/2-1/2

[Event "Tata Steel 2012"]
[Site "Wijk aan Zee NED"]
[Date "2012.01.14"]
[Round "1"]
[White "Karjakin, Sergey"]
[Black "Aronian, L."]
[Result "0-1"]
[WhiteElo "2769"]
[BlackElo "2805"]
[PlyCount "84"]
[EventDate "2012.01.14"]

1. e4 e5 2. Nf3 Nc6 3. Bb5 a6 4. Ba4 Nf6 5. O-O Be7 6. d3 b5 7. Bb3 O-O 8. a4
b4 9. Nbd2 Bc5 10. h3 d6 11. c3 Rb8 12. Re1 Re8 13. a5 Ba7 14. Nf1 Ne7 15. Ng3
Ng6 16. d4 h6 17. Bc2 c5 18. dxe5 dxe5 19. Bd3 Be6 20. Bxa6 c4 21. Ra4 Qc7 22.
cxb4 Bxf2+ 23. Kxf2 Qa7+ 24. Be3 Qxa6 25. Kg1 Red8 26. Qc1 Rd3 27. Rd1 Rb3 28.
Qd2 Kh7 29. Kh2 Rb7 30. Qf2 Bd7 31. Ra2 R7xb4 32. Nh5 Bc8 33. Nxf6+ Qxf6 34.
Kg1 Bb7 35. Nd2 Qxf2+ 36. Bxf2 Rd3 37. a6 Bxe4 38. Re1 Ba8 39. Ne4 Nf4 40. a7
f6 41. h4 c3 42. Nc5 c2 0-1

[Event "Tata Steel 2012"]
[Site "Wijk aan Zee NED"]
[Date "2012.01.14"]
[Round "1"]
[White "Carlsen, M."]
[Black "Gashimov, V."]
[Result "1-0"]
[WhiteElo "2835"]
[BlackElo "2761"]
[PlyCount "133"]
[EventDate "2012.01.14"]

1. Nf3 Nf6 2. c4 c5 3. Nc3 e6 4. g3 b6 5. Bg2 Bb7 6. O-O Be7 7. d4 cxd4 8. Qxd4
d6 9. Bg5 a6 10. Bxf6 Bxf6 11. Qf4 O-O 12. Rfd1 Be7 13. Ne4 Bxe4 14. Qxe4 Ra7
15. Nd4 Rc7 16. Rd2 Rc5 17. Rad1 Qc7 18. b3 Kh8 19. Qb1 Nd7 20. e3 Qc8 21. Rc2
Rc7 22. a4 Rd8 23. Qa2 Ne5 24. h3 Bf6 25. Rcd2 Rc5 26. f4 Ng6 27. Rd3 h6 28.
Qd2 e5 29. Nc2 b5 30. axb5 axb5 31. Na3 bxc4 32. Nxc4 d5 33. Bxd5 Qxh3 34. Qg2
Qxg2+ 35. Kxg2 exf4 36. exf4 Rc7 37. Ne3 Rcd7 38. Ng4 Bb2 39. Nf2 f6 40. Be4
Nf8 41. b4 Rxd3 42. Nxd3 Bc3 43. Rc1 Bd4 44. Nc5 Be3 45. Rc3 Rd2+ 46. Kf3 Bd4
47. Rc4 g6 48. Nd3 Bg1 49. Rc8 Kg7 50. Rc7+ Kg8 51. f5 g5 52. g4 Bh2 53. Rb7
Rc2 54. Nc5 Rc3+ 55. Ke2 h5 56. gxh5 g4 57. Ne6 Rc8 58. b5 Rb8 59. Rxb8 Bxb8
60. Bd5 Ba7 61. Kf1 Be3 62. Kg2 Kf7 63. Nxf8+ Kxf8 64. Kg3 Ke7 65. Kxg4 Kd6 66.
Kf3 Bd2 67. b6 1-0

[Event "Tata Steel 2012"]
[Site "Wijk aan Zee NED"]
[Date "2012.01.14"]
[Round "1"]
[White "Kamsky, G."]
[Black "Van Wely, L."]
[Result "1/2-1/2"]
[WhiteElo "2732"]
[BlackElo "2692"]
[PlyCount "81"]
[EventDate "2012.01.14"]

1. c4 g6 2. g3 c6 3. Nf3 d5 4. Bg2 Bg7 5. d4 Nf6 6. O-O O-O 7. Qb3 Qb6 8. Nc3
Qxb3 9. axb3 Bf5 10. h3 h5 11. Bf4 Nbd7 12. cxd5 cxd5 13. Rfc1 Rfc8 14. Ne5 Nb6
15. Kh2 a6 16. Bg5 Bf8 17. Be3 Rd8 18. Bf3 Rac8 19. g4 hxg4 20. hxg4 Be4 21.
Nxe4 Nxe4 22. Kg2 Bg7 23. Bf4 e6 24. e3 Bf6 25. Nd3 Nd7 26. b4 Re8 27. Rxc8
Rxc8 28. b5 Rc2 29. bxa6 bxa6 30. Rc1 Rxc1 31. Nxc1 e5 32. dxe5 Nxe5 33. Bxe5
Bxe5 34. Nd3 Bd6 35. Bd1 Nc5 36. Nb4 Na4 37. Bxa4 Bxb4 38. Bc6 g5 39. Bxd5 Kg7
40. Kf3 a5 41. b3 1/2-1/2

[Event "Tata Steel 2012"]
[Site "Wijk aan Zee NED"]
[Date "2012.01.15"]
[Round "2"]
[White "Gashimov, V."]
[Black "Kamsky, G."]
[Result "1/2-1/2"]
[WhiteElo "2761"]
[BlackElo "2732"]
[PlyCount "81"]
[EventDate "2012.01.14"]

1. e4 e5 2. Nf3 Nc6 3. Bb5 a6 4. Ba4 Nf6 5. O-O Be7 6. Re1 b5 7. Bb3 O-O 8. h3
Bb7 9. d3 d5 10. exd5 Nxd5 11. Nxe5 Nxe5 12. Rxe5 Qd6 13. Re1 Rae8 14. Nd2 c5
15. c3 Bd8 16. Ne4 Qg6 17. Bd2 Nf6 18. Bc2 c4 19. Qf3 Kh8 20. Qg3 cxd3 21. Qxg6
hxg6 22. Nxf6 Rxe1+ 23. Rxe1 dxc2 24. Nd7 Rg8 25. Rc1 Re8 26. Rxc2 Bc8 27. Nc5
Bf5 28. Rc1 Re2 29. Be3 Rxb2 30. Nxa6 Rxa2 31. Nb4 Rb2 32. Bd4 Be6 33. Re1 Bc7
34. Na6 Bf4 35. Nc5 Bc4 36. Nd7 Re2 37. Rxe2 Bxe2 38. f3 f6 39. Kf2 Bc4 40. Be3
Bd6 41. Bc5 1/2-1/2

[Event "Tata Steel 2012"]
[Site "Wijk aan Zee NED"]
[Date "2012.01.15"]
[Round "2"]
[White "Ivanchuk, V."]
[Black "Carlsen, M."]
[Result "1/2-1/2"]
[WhiteElo "2766"]
[BlackElo "2835"]
[PlyCount "114"]
[EventDate "2012.01.14"]

1. Nf3 d5 2. d4 Nf6 3. c4 e6 4. Nc3 Be7 5. Bg5 h6 6. Bh4 O-O 7. e3 Ne4 8. Bxe7
Qxe7 9. Rc1 c6 10. Be2 Nxc3 11. Rxc3 dxc4 12. Bxc4 Nd7 13. O-O b6 14. Qc2 Bb7
15. Bd3 c5 16. Bh7+ Kh8 17. Be4 Bxe4 18. Qxe4 Rac8 19. Rfc1 Rc7 20. Qc2 Rfc8
21. h3 Nf6 22. Rc4 Ne8 23. dxc5 Rxc5 24. Qb3 Rxc4 25. Rxc4 Rxc4 26. Qxc4 Nd6
27. Qc6 Kg8 28. Ne5 Qd8 29. Nd7 Ne4 30. b3 Nf6 31. Ne5 Nd5 32. g3 Qe7 33. h4 g6
34. Kg2 Kg7 35. Nd3 Qd8 36. Qc4 Nf6 37. e4 g5 38. hxg5 hxg5 39. Qc3 Kg8 40. Kf3
Nd7 41. Ke3 Nf6 42. a4 Ng4+ 43. Kf3 Nf6 44. b4 Qd7 45. b5 Qd8 46. Ke3 Ng4+ 47.
Ke2 Nf6 48. Qc4 Qa8 49. Ke3 Qd8 50. Kf3 Kg7 51. Qc3 Qh8 52. Qd4 Qh1+ 53. Ke3
Qd1 54. Ne5 Qe1+ 55. Kf3 Qh1+ 56. Ke3 Qe1+ 57. Kf3 Qh1+ 1/2-1/2

[Event "Tata Steel 2012"]
[Site "Wijk aan Zee NED"]
[Date "2012.01.15"]
[Round "2"]
[White "Giri, A."]
[Black "Radjabov, T."]
[Result "1/2-1/2"]
[WhiteElo "2714"]
[BlackElo "2773"]
[PlyCount "47"]
[EventDate "2012.01.14"]

1. d4 Nf6 2. c4 g6 3. Nc3 Bg7 4. e4 d6 5. f3 O-O 6. Be3 c5 7. Nge2 Nc6 8. d5
Ne5 9. Ng3 h5 10. Be2 a6 11. a4 e6 12. O-O exd5 13. cxd5 Bd7 14. h3 h4 15. Nh1
b5 16. Bg5 b4 17. Nb1 c4 18. Bxh4 Re8 19. f4 Nd3 20. Bxd3 cxd3 21. Qxd3 Rxe4
22. Nd2 Re8 23. Ng3 Qb6+ 24. Kh2 1/2-1/2

[Event "Tata Steel 2012"]
[Site "Wijk aan Zee NED"]
[Date "2012.01.15"]
[Round "2"]
[White "Topalov, V."]
[Black "Van Wely, L."]
[Result "1/2-1/2"]
[WhiteElo "2770"]
[BlackElo "2692"]
[PlyCount "116"]
[EventDate "2012.01.14"]

1. d4 Nf6 2. c4 g6 3. f3 Bg7 4. e4 d6 5. Nc3 O-O 6. Be3 c6 7. Bd3 a6 8. a4 a5
9. Qd2 e5 10. Nge2 Na6 11. Rd1 exd4 12. Bxd4 Nc5 13. Bc2 Be6 14. b3 Qb6 15. O-O
Qb4 16. Rb1 Rad8 17. Kh1 Bc8 18. Qc1 Nh5 19. Na2 Qb6 20. Bg1 Qc7 21. Nac3 Qe7
22. Qd2 f5 23. exf5 Bxf5 24. Bxf5 gxf5 25. g3 Be5 26. Nd4 Rde8 27. Nce2 Qd8 28.
Rbd1 Ng7 29. Qc2 Qc7 30. Nf4 Bxf4 31. gxf4 Rf6 32. Bf2 Qf7 33. Rg1 Rg6 34. Qd2
Qc7 35. Rg3 Nce6 36. Rdg1 Nxd4 37. Bxd4 Ree6 38. Bb2 b6 39. Qd4 Qb7 40. Qd3 Qf7
41. Bxg7 Kxg7 42. Qd4+ Qf6 43. Qxb6 Re2 44. Rg5 c5 45. Qxa5 Qb2 46. Qc7+ Kh8
47. Qd8+ Kg7 48. Rxg6+ hxg6 49. Qh4 Qxb3 50. Qh3 d5 51. Qg3 Re6 52. cxd5 Qxd5
53. Qf2 Qd3 54. Qb2+ Kf7 55. Qb7+ Re7 56. Qc6 Re6 57. Qb7+ Re7 58. Qc6 Re6
1/2-1/2

[Event "Tata Steel 2012"]
[Site "Wijk aan Zee NED"]
[Date "2012.01.15"]
[Round "2"]
[White "Navara, D."]
[Black "Gelfand, B."]
[Result "1/2-1/2"]
[WhiteElo "2712"]
[BlackElo "2739"]
[PlyCount "60"]
[EventDate "2012.01.14"]

1. e4 e5 2. Nf3 Nf6 3. Nxe5 d6 4. Nf3 Nxe4 5. Bd3 Nf6 6. h3 Be7 7. O-O O-O 8.
c3 b6 9. Bc2 Bb7 10. d4 Nbd7 11. Nbd2 Re8 12. Nc4 Bf8 13. Bg5 h6 14. Bh4 g6 15.
Ne3 Bg7 16. Nh2 Qc8 17. Nhg4 Nxg4 18. Nxg4 f5 19. Ne3 Nf6 20. Re1 Kh8 21. f3
Qd7 22. Qd2 Nd5 23. Bf2 Kh7 24. Bb3 Nxe3 25. Rxe3 Rxe3 26. Bxe3 Re8 27. Re1 a5
28. Bc2 Bd5 29. b3 Bf7 30. a4 Bf6 1/2-1/2

[Event "Tata Steel 2012"]
[Site "Wijk aan Zee NED"]
[Date "2012.01.15"]
[Round "2"]
[White "Caruana, F."]
[Black "Karjakin, Sergey"]
[Result "1-0"]
[WhiteElo "2736"]
[BlackElo "2769"]
[PlyCount "129"]
[EventDate "2012.01.14"]

1. d4 Nf6 2. c4 e6 3. Nc3 Bb4 4. e3 O-O 5. Nge2 d5 6. a3 Be7 7. cxd5 exd5 8. b4
c6 9. Ng3 b5 10. Bd2 Nbd7 11. a4 Bxb4 12. axb5 c5 13. Qb3 Nb6 14. Be2 Qe7 15.
O-O Be6 16. Qb2 cxd4 17. exd4 Bd6 18. Rfe1 Rac8 19. Bd3 Qb7 20. Bg5 Nfd7 21.
Nce2 Nc4 22. Qb1 h6 23. Bf4 Be7 24. Nf5 Bf6 25. Neg3 Bxf5 26. Nxf5 Ndb6 27. Qd1
Rfe8 28. Qg4 Kf8 29. Bd6+ Nxd6 30. Nxd6 Rxe1+ 31. Rxe1 Qc7 32. Qxc8+ Qxc8 33.
Nxc8 Nxc8 34. Be2 Nd6 35. Ra1 Bxd4 36. Rd1 Bb6 37. Rxd5 Ke7 38. g3 g6 39. Kg2
Ke6 40. Rd1 h5 41. Bd3 Ke7 42. Re1+ Kf6 43. f4 Kg7 44. Kf3 Kf6 45. Re5 Bg1 46.
h3 Bb6 47. g4 hxg4+ 48. hxg4 Kg7 49. Rd5 Bc7 50. Rc5 Bb6 51. Rc6 Ne8 52. g5 Kf8
53. Ke4 Ke7 54. Rc2 Nc7 55. Bc4 Ne8 56. Kd5 Kd7 57. Rh2 Be3 58. b6 Nd6 59. bxa7
Bxa7 60. Bd3 Be3 61. Ke5 Ke7 62. Rh7 Bc1 63. Bxg6 Bb2+ 64. Kd5 Bc1 65. Bxf7 1-0

[Event "Tata Steel 2012"]
[Site "Wijk aan Zee NED"]
[Date "2012.01.17"]
[Round "4"]
[White "Gelfand, B."]
[Black "Radjabov, T."]
[Result "1/2-1/2"]
[WhiteElo "2739"]
[BlackElo "2773"]
[PlyCount "60"]
[EventDate "2012.01.14"]

1. d4 Nf6 2. c4 g6 3. Nc3 Bg7 4. e4 d6 5. Nf3 O-O 6. Be2 e5 7. Be3 Ng4 8. Bg5
f6 9. Bh4 g5 10. Bg3 Nh6 11. h3 exd4 12. Nxd4 Nc6 13. O-O Nxd4 14. Qxd4 f5 15.
Qd5+ Kh8 16. exf5 Nxf5 17. Bh2 Bd7 18. Bg4 Nd4 19. Bxd7 Qxd7 20. Rad1 Rae8 21.
Nb5 Nxb5 22. cxb5 g4 23. h4 b6 24. b3 Qf7 25. Qb7 Re2 26. Bg3 Be5 27. Rc1 Qf5
28. Qxc7 Bxg3 29. fxg3 Rxg2+ 30. Kxg2 Qe4+ 1/2-1/2

[Event "Tata Steel 2012"]
[Site "Wijk aan Zee NED"]
[Date "2012.01.17"]
[Round "4"]
[White "Topalov, V."]
[Black "Gashimov, V."]
[Result "1/2-1/2"]
[WhiteElo "2770"]
[BlackElo "2761"]
[PlyCount "110"]
[EventDate "2012.01.14"]

1. d4 d5 2. c4 c6 3. Nf3 Nf6 4. Nc3 dxc4 5. a4 e6 6. e3 c5 7. Bxc4 cxd4 8. exd4
Nc6 9. O-O Be7 10. Qe2 O-O 11. Rd1 Nb4 12. Bg5 Bd7 13. d5 exd5 14. Nxd5 Nbxd5
15. Bxd5 Nxd5 16. Rxd5 Bxg5 17. Nxg5 h6 18. Qd2 hxg5 19. Rxd7 Qf6 20. Rxb7 Rab8
21. Rxb8 Rxb8 22. Rb1 Qe6 23. Qxg5 Qa2 24. Rd1 Qxa4 25. Rd8+ Rxd8 26. Qxd8+ Kh7
27. Qd3+ g6 28. b3 Qa1+ 29. Qf1 Qd4 30. g3 Qd5 31. Qb1 a5 32. h4 Kg8 33. Qc2
Kh7 34. Kh2 Qf3 35. Kg1 Qd5 36. Kf1 Kg8 37. Ke2 Qe5+ 38. Kf3 Qd5+ 39. Ke3 Qe5+
40. Qe4 Qc3+ 41. Qd3 Qe5+ 42. Kf3 Qf6+ 43. Kg2 a4 44. bxa4 Qc6+ 45. f3 Qxa4 46.
Qe4 Qa2+ 47. Kh3 Qa1 48. Qc4 Kg7 49. Qd5 Qh1+ 50. Kg4 Qa1 51. Qd6 Qc3 52. Qd5
Qc8+ 53. Kf4 Qc1+ 54. Ke5 Qe1+ 55. Kf4 Qc1+ 1/2-1/2

[Event "Tata Steel 2012"]
[Site "Wijk aan Zee NED"]
[Date "2012.01.17"]
[Round "4"]
[White "Aronian, L."]
[Black "Kamsky, G."]
[Result "1-0"]
[WhiteElo "2805"]
[BlackElo "2732"]
[PlyCount "115"]
[EventDate "2012.01.14"]

1. Nf3 Nf6 2. c4 g6 3. Nc3 d5 4. cxd5 Nxd5 5. Qb3 Nb6 6. d4 Bg7 7. e4 O-O 8.
Be3 Bg4 9. Rd1 e6 10. Be2 Nc6 11. Ng1 Bxe2 12. Ngxe2 Qe7 13. O-O Rfd8 14. e5 h6
15. a3 Na5 16. Qc2 c5 17. dxc5 Nbc4 18. Bc1 Nxe5 19. b4 Nac6 20. Ne4 a6 21. h3
f5 22. Nd6 Nf7 23. Nc4 e5 24. Rde1 Kh7 25. Bb2 Re8 26. Nd4 Nxd4 27. Bxd4 Rad8
28. Bb2 e4 29. Bxg7 Kxg7 30. f3 Qf6 31. fxe4 Qd4+ 32. Kh2 Rxe4 33. Rxe4 Qxe4
34. Qxe4 fxe4 35. Kg3 Rd4 36. Na5 g5 37. Kf2 Rd3 38. Re1 Rxa3 39. Rxe4 Kf6 40.
Nxb7 Ne5 41. Rd4 Ke7 42. Nd6 Rb3 43. Nc8+ Kf7 44. Nd6+ Ke6 45. Nc4 Nd3+ 46. Kg1
Nf4 47. Rd6+ Ke7 48. Ne5 Rb2 49. Rxa6 Rxg2+ 50. Kf1 Rb2 51. Rxh6 Nd5 52. Rd6
Ne3+ 53. Ke1 Nc2+ 54. Kd1 Nxb4 55. Rb6 Kf8 56. Rb8+ Kg7 57. Nc4 Rb3 58. c6 1-0

[Event "Tata Steel 2012"]
[Site "Wijk aan Zee NED"]
[Date "2012.01.17"]
[Round "4"]
[White "Caruana, F."]
[Black "Carlsen, M."]
[Result "1/2-1/2"]
[WhiteElo "2736"]
[BlackElo "2835"]
[PlyCount "67"]
[EventDate "2012.01.14"]

1. e4 e5 2. Nf3 Nc6 3. Bb5 Nf6 4. O-O Nxe4 5. d4 Nd6 6. Bxc6 dxc6 7. dxe5 Nf5
8. Qxd8+ Kxd8 9. Nc3 Ke8 10. h3 Bb4 11. Ne2 Be6 12. Nf4 Bd5 13. Nxd5 cxd5 14.
g4 Ne7 15. Nd4 Bc5 16. Rd1 h5 17. Kg2 Bxd4 18. Rxd4 c5 19. Rd3 d4 20. b4 cxb4
21. Rxd4 Nc6 22. Rd5 hxg4 23. hxg4 Rd8 24. Rxd8+ Kxd8 25. Bg5+ Kc7 26. f4 b5
27. Rd1 a6 28. Rd5 Re8 29. Kf3 Rh8 30. Kg2 Re8 31. Bh4 Na5 32. Bf2 Nc4 33. Kf3
g6 34. Bd4 1/2-1/2

[Event "Tata Steel 2012"]
[Site "Wijk aan Zee NED"]
[Date "2012.01.17"]
[Round "4"]
[White "Navara, D."]
[Black "Karjakin, Sergey"]
[Result "0-1"]
[WhiteElo "2712"]
[BlackElo "2769"]
[PlyCount "120"]
[EventDate "2012.01.14"]

1. e4 e5 2. Nf3 Nc6 3. Bb5 Nf6 4. O-O Nxe4 5. d4 Nd6 6. Bxc6 dxc6 7. dxe5 Nf5
8. Qxd8+ Kxd8 9. Nc3 Ke8 10. h3 h5 11. Bg5 Be6 12. Rfd1 Be7 13. b3 h4 14. Rd3
Rd8 15. Rxd8+ Bxd8 16. Rd1 Be7 17. Bf4 Rg8 18. Ng5 Bc8 19. Nce4 Rh8 20. c4 b6
21. Nf3 Rh5 22. Kf1 Bd8 23. Nfg5 Be7 24. Nf3 Bd8 25. Nfg5 Be7 26. Rd3 c5 27.
Nf3 Bb7 28. Nc3 Bxf3 29. Rxf3 Nd4 30. Rd3 Ne6 31. Bh2 a6 32. f4 c6 33. Kf2 Nd4
34. Ke3 Rh6 35. Ne2 Rg6 36. Nxd4 cxd4+ 37. Kf3 c5 38. g4 hxg3 39. Bxg3 f5 40.
exf6 Rxf6 41. b4 Rh6 42. Kg4 Re6 43. Kf3 g6 44. Bf2 Kd7 45. Ra3 cxb4 46. Rd3
Bf6 47. Bxd4 Rd6 48. Ke3 Bxd4+ 49. Rxd4 Rxd4 50. Kxd4 Kd6 51. Kd3 a5 52. a3
bxa3 53. Kc3 Kc5 54. h4 a2 55. Kb2 Kxc4 56. f5 gxf5 57. h5 f4 58. h6 f3 59. h7
f2 60. h8=Q a1=Q+ 0-1

[Event "Tata Steel 2012"]
[Site "Wijk aan Zee NED"]
[Date "2012.01.17"]
[Round "4"]
[White "Ivanchuk, V."]
[Black "Van Wely, L."]
[Result "1/2-1/2"]
[WhiteElo "2766"]
[BlackElo "2692"]
[PlyCount "72"]
[EventDate "2012.01.14"]

1. Nf3 Nf6 2. c4 e6 3. d4 d5 4. g3 dxc4 5. Bg2 a6 6. O-O Nc6 7. e3 Bd7 8. Qe2
b5 9. b3 cxb3 10. axb3 Be7 11. Bb2 O-O 12. Rc1 Nb4 13. Ne5 Rc8 14. Na3 c5 15.
dxc5 Rxc5 16. Rxc5 Bxc5 17. Nc2 Nxc2 18. Qxc2 Qb6 19. g4 Rd8 20. g5 Nd5 21. Be4
f5 22. Bxd5 exd5 23. Nxd7 Rxd7 24. Qxf5 Rd8 25. h4 d4 26. Rd1 a5 27. h5 dxe3
28. Rxd8+ Qxd8 29. Qxc5 exf2+ 30. Kg2 f1=Q+ 31. Kxf1 Qd1+ 32. Kg2 Qd2+ 33. Kf3
Qxb2 34. Qxb5 Kf8 35. Qc4 Ke7 36. Kg4 Qe5 1/2-1/2

[Event "Tata Steel 2012"]
[Site "Wijk aan Zee NED"]
[Date "2012.01.19"]
[Round "5"]
[White "Carlsen, M."]
[Black "Giri, A."]
[Result "1/2-1/2"]
[WhiteElo "2835"]
[BlackElo "2714"]
[PlyCount "128"]
[EventDate "2012.01.14"]

1. c4 Nf6 2. Nf3 g6 3. Nc3 Bg7 4. d4 O-O 5. Bg5 d6 6. e3 h6 7. Bh4 g5 8. Bg3
Nh5 9. Nd2 Nxg3 10. hxg3 e6 11. Qc2 Qe7 12. Be2 a6 13. f4 f5 14. O-O-O c5 15.
d5 e5 16. Rh5 exf4 17. gxf4 gxf4 18. exf4 Nd7 19. Bd3 Nf6 20. Rhh1 Ng4 21. Rde1
Qf6 22. Re2 Qd4 23. Na4 Ne3 24. Rxe3 Qxe3 25. Nb6 Rb8 26. Rf1 Re8 27. Kb1 Qd4
28. Nb3 Qf6 29. Nc1 Re7 30. Nxc8 Rxc8 31. Bxf5 Rce8 32. Be6+ Rxe6 33. dxe6 Qxe6
34. Rf2 Qe4 35. Re2 Qxc2+ 36. Kxc2 Rf8 37. Nd3 b5 38. b3 Kf7 39. Nf2 Rd8 40.
Ne4 d5 41. Nxc5 dxc4 42. Nxa6 Ra8 43. Nb4 Bf8 44. Kc3 Bg7+ 45. Kc2 Bf8 46. Kc3
Bg7+ 47. Kd2 Bf8 48. Nc2 Rxa2 49. bxc4 bxc4 50. Re4 Ra4 51. Ke2 Bc5 52. Kf3 Kf6
53. g4 Kf7 54. f5 Be7 55. Ne3 Ra3 56. Rxc4 Bg5 57. Re4 Kf6 58. Re8 Rxe3+ 59.
Rxe3 Bxe3 60. Kxe3 h5 61. gxh5 Kxf5 62. h6 Kg6 63. h7 Kg7 64. Ke2 Kxh7 1/2-1/2

[Event "Tata Steel 2012"]
[Site "Wijk aan Zee NED"]
[Date "2012.01.19"]
[Round "5"]
[White "Kamsky, G."]
[Black "Caruana, F."]
[Result "1/2-1/2"]
[WhiteElo "2732"]
[BlackElo "2736"]
[PlyCount "168"]
[EventDate "2012.01.14"]

1. e4 e5 2. Nf3 Nc6 3. Bb5 a6 4. Ba4 Nf6 5. O-O b5 6. Bb3 Bc5 7. a4 Rb8 8. Nxe5
Nxe5 9. d4 Bxd4 10. Qxd4 d6 11. Bf4 O-O 12. f3 c5 13. Qe3 c4 14. Ba2 Ng6 15.
Bg3 Nh5 16. Nc3 Nxg3 17. hxg3 Ne5 18. Rfd1 Be6 19. axb5 axb5 20. Bb1 Qc7 21.
Ra7 Qc6 22. Ne2 Ra8 23. c3 h6 24. Nf4 Rxa7 25. Qxa7 Ra8 26. Qe7 Qb6+ 27. Kh1
Nc6 28. Qh4 Bd7 29. e5 Nxe5 30. Nd5 Qd8 31. Qe4 Ng6 32. Nf4 Nxf4 33. Qh7+ Kf8
34. gxf4 Qh4+ 35. Kg1 Re8 36. Qh8+ Ke7 37. Qxg7 Qxf4 38. Be4 Be6 39. Qd4 Qe5
40. Qa7+ Kf6 41. Qb6 Qc5+ 42. Qxc5 dxc5 43. Rd6 b4 44. f4 Ke7 45. Rc6 f5 46.
Bf3 Rd8 47. Rxc5 bxc3 48. bxc3 Rd3 49. Kf2 Rxc3 50. Ke2 Ra3 51. Rc7+ Kd6 52.
Rc6+ Kd7 53. Rc5 Rb3 54. Kd2 Rd3+ 55. Ke2 Ra3 56. Kd2 h5 57. Bxh5 Kd6 58. Re5
Ra2+ 59. Kc3 Rxg2 60. Be2 Rf2 61. Bxc4 Bxc4 62. Rxf5 Bd5 63. Kd4 Rd2+ 64. Ke3
Ra2 65. Rf8 Ra3+ 66. Kd4 Ra4+ 67. Ke3 Bc6 68. Rf5 Bd5 69. Rf8 Kc5 70. f5 Re4+
71. Kf2 Kd6 72. Rd8+ Kc5 73. Kg3 Ra4 74. f6 Ra6 75. Rf8 Kd4 76. Kf4 Ra1 77. Re8
Kc5 78. Rd8 Kc6 79. Kg5 Rg1+ 80. Kh6 Be6 81. Ra8 Kd6 82. Ra7 Ke5 83. f7 Rf1 84.
Kg7 Rxf7+ 1/2-1/2

[Event "Tata Steel 2012"]
[Site "Wijk aan Zee NED"]
[Date "2012.01.19"]
[Round "5"]
[White "Gashimov, V."]
[Black "Ivanchuk, V."]
[Result "0-1"]
[WhiteElo "2761"]
[BlackElo "2766"]
[PlyCount "70"]
[EventDate "2012.01.14"]

1. e4 g6 2. d4 d6 3. Nc3 Nf6 4. Bg5 Bg7 5. e5 Nfd7 6. f4 O-O 7. Nf3 Nb6 8. Be2
Nc6 9. O-O f6 10. exf6 exf6 11. Bh4 d5 12. Ne1 Ne7 13. g4 Nc4 14. Bxc4 dxc4 15.
Ng2 b5 16. Nxb5 Rb8 17. Nc3 Rxb2 18. Na4 Rb4 19. Nc5 c3 20. Qe2 Nc6 21. a3 Re8
22. Qxe8+ Qxe8 23. axb4 Bxg4 24. Bf2 Qd8 25. Nb3 Nxb4 26. Rxa7 Nxc2 27. Rc1 Qb8
28. Ra2 Nb4 29. Ra4 Nd5 30. Nc5 Bf8 31. Rca1 c2 32. Nd3 Qb5 33. Nc1 Bh3 34. Ra5
Qc4 35. R1a4 Qc3 0-1